00560nam a2200169 i 4500001000300000100002100003245009000024260002300114700002500137040000800162041000800170942000700178008004100185999001700226856009800243952004900341bg1 aNOWARA, Wiesław 0aWytyczne wykonywania projektów budowlanych /cWiesław Nowara, Remigiusz Wiktorski. aBiałystok,c1973.1 aWIKTORSKI, Remigiusz cBPK apol cKS s pl f |000 0 pol  c26095d26095 uhttp://koha.tu.koszalin.pl/cgi-bin/koha/opac-detail.pl?biblionumber=26095yKatalog online BPK 00104070aBPKbBPKcwo17241p01117776yKS